[Event "msr26ss"]
[Site "?"]
[Date "2026.03.26"]
[Round "6.1"]
[White "Elias, David"]
[Black "Skreko, Igor"]
[Result "1-0"]
[BlackElo "2204"]
[WhiteElo "2284"]
[LiveChessVersion "1.4.8"]

1. c4 {[%clk 0:10:03]} Nf6 {[%clk 0:10:03]} 2. g3 {[%clk 0:10:02]} g6
{[%clk 0:10:04]} 3. Bg2 {[%clk 0:10:03]} Bg7 {[%clk 0:10:05]} 4. d4
{[%clk 0:09:57]} O-O {[%clk 0:10:05]} 5. Nf3 {[%clk 0:09:58]} d6 {[%clk 0:10:06]}
6. O-O {[%clk 0:09:58]} Nc6 {[%clk 0:10:07]} 7. b3 {[%clk 0:09:56]} Bf5
{[%clk 0:09:55]} 8. Bb2 {[%clk 0:09:49]} Ne4 {[%clk 0:09:55]} 9. Nh4
{[%clk 0:09:45]} e5 {[%clk 0:09:42]} 10. Nxf5 {[%clk 0:09:12]} gxf5
{[%clk 0:09:43]} 11. d5 Ne7 {[%clk 0:09:27]} 12. Nd2 {[%clk 0:08:51]} Nxd2
{[%clk 0:09:20]} 13. Qxd2 {[%clk 0:08:51]} Ng6 {[%clk 0:09:15]} 14. Rac1
{[%clk 0:08:22]} f4 {[%clk 0:08:48]} 15. e3 {[%clk 0:07:51]} fxg3
{[%clk 0:08:43]} 16. hxg3 {[%clk 0:07:44]} f5 {[%clk 0:08:43]} 17. c5
{[%clk 0:07:42]} f4 {[%clk 0:08:28]} 18. exf4 {[%clk 0:07:33]} exf4
{[%clk 0:08:28]} 19. Bxg7 {[%clk 0:07:32]} Kxg7 {[%clk 0:08:29]} 20. cxd6
{[%clk 0:07:30]} cxd6 {[%clk 0:08:02]} 21. Qd4+ {[%clk 0:07:25]} Qf6
{[%clk 0:07:07]} 22. Rc7+ {[%clk 0:06:00]} Rf7 {[%clk 0:07:08]} 23. Rxf7+
{[%clk 0:06:00]} Kxf7 {[%clk 0:07:09]} 24. Qb4 {[%clk 0:05:54]} Re8
{[%clk 0:06:34]} 25. Qxb7+ {[%clk 0:05:41]} Re7 {[%clk 0:06:35]} 26. Qc8
{[%clk 0:05:10]} Qd4 {[%clk 0:05:56]} 27. Qg4 {[%clk 0:04:21]} Qd2
{[%clk 0:04:09]} 28. Be4 {[%clk 0:03:45]} Kg7 {[%clk 0:02:55]} 29. Bxg6
{[%clk 0:03:00]} hxg6 {[%clk 0:02:56]} 30. Qxf4 {[%clk 0:03:01]} Qxd5
{[%clk 0:01:58]} 31. Rc1 {[%clk 0:02:40]} Rf7 {[%clk 0:01:59]} 32. Qe3
{[%clk 0:02:37]} a5 {[%clk 0:01:32]} 33. Re1 {[%clk 0:01:41]} Qf5
{[%clk 0:01:19]} 34. Qd4+ {[%clk 0:01:27]} Qf6 {[%clk 0:01:09]} 35. Rd1
{[%clk 0:00:57]} Qxd4 {[%clk 0:00:22]} 36. Rxd4 {[%clk 0:00:57]} Rc7
{[%clk 0:00:19]} 37. Rxd6 {[%clk 0:00:49]} Rc2 {[%clk 0:00:20]} 38. a4
{[%clk 0:00:36]} Rb2 {[%clk 0:00:21]} 39. Rd5 {[%clk 0:00:36]} Rxb3
{[%clk 0:00:20]} 40. Rxa5 {[%clk 0:00:37]} Ra3 {[%clk 0:00:21]} 41. Kg2
{[%clk 0:00:35]} Kf6 {[%clk 0:00:22]} 42. Ra6+ {[%clk 0:00:33]} Kf5
{[%clk 0:00:21]} 43. Ra8 {[%clk 0:00:32]} Kf6 {[%clk 0:00:12]} 44. a5
{[%clk 0:00:33]} Kf7 {[%clk 0:00:12]} 45. a6 {[%clk 0:00:32]} Kg7
{[%clk 0:00:12]} 46. Kh3 {[%clk 0:00:27]} Kf6 {[%clk 0:00:09]} 47. Kg4
{[%clk 0:00:25]} Ra4+ {[%clk 0:00:11]} 48. f4 {[%clk 0:00:26]} Ra3
{[%clk 0:00:12]} 49. a7 {[%clk 0:00:12]} Kg7 {[%clk 0:00:13]} 50. f5
{[%clk 0:00:11]} Ra4+ {[%clk 0:00:09]} 51. Kg5 {[%clk 0:00:12]} Ra5
{[%clk 0:00:05]} 52. g4 {[%clk 0:00:13]} gxf5 {[%clk 0:00:06]} 53. gxf5
{[%clk 0:00:14]} Ra6 {[%clk 0:00:05]} 54. f6+ {[%clk 0:00:12]} Kf7
{[%clk 0:00:03]} 55. Rh8 {[%clk 0:00:11]} Ra5+ {[%clk 0:00:05]} 56. Kg4
{[%clk 0:00:11]} Ra4+ {[%clk 0:00:06]} 57. Kf3 {[%clk 0:00:11]} Ra3+
{[%clk 0:00:08]} 58. Ke2 {[%clk 0:00:12]} Ra2+ {[%clk 0:00:09]} 59. Kd3
{[%clk 0:00:14]} 1-0

[Event "msr26ss"]
[Site "?"]
[Date "2026.03.26"]
[Round "6.2"]
[White "Novomeska, Karin"]
[Black "Sekova, Olivia"]
[Result "1/2-1/2"]
[BlackElo "2058"]
[WhiteElo "2014"]
[LiveChessVersion "1.4.8"]

1. d4 {[%clk 0:10:02]} Nf6 {[%clk 0:10:02]} 2. Nf3 {[%clk 0:10:03]} g6
{[%clk 0:10:02]} 3. c4 {[%clk 0:10:03]} c5 {[%clk 0:10:02]} 4. d5
{[%clk 0:10:03]} Bg7 {[%clk 0:10:02]} 5. Nc3 {[%clk 0:10:03]} d6 {[%clk 0:10:03]}
6. e4 {[%clk 0:10:03]} O-O {[%clk 0:10:00]} 7. h3 {[%clk 0:10:00]} e6
{[%clk 0:10:00]} 8. Bd3 {[%clk 0:09:59]} exd5 {[%clk 0:10:00]} 9. exd5
{[%clk 0:10:00]} Re8+ {[%clk 0:10:00]} 10. Be3 {[%clk 0:10:00]} Bh6
{[%clk 0:09:30]} 11. O-O {[%clk 0:09:58]} Bxe3 {[%clk 0:09:30]} 12. fxe3
{[%clk 0:09:58]} Nbd7 {[%clk 0:09:27]} 13. e4 {[%clk 0:09:17]} Qe7
{[%clk 0:09:14]} 14. Qc2 {[%clk 0:08:16]} Ne5 {[%clk 0:09:09]} 15. Nxe5
{[%clk 0:07:46]} Qxe5 {[%clk 0:09:09]} 16. Rf3 {[%clk 0:06:59]} Nd7
{[%clk 0:08:35]} 17. Nb5 {[%clk 0:06:28]} Rf8 {[%clk 0:08:23]} 18. Raf1
{[%clk 0:06:19]} Qe7 {[%clk 0:08:20]} 19. Qd2 {[%clk 0:05:16]} Ne5
{[%clk 0:08:18]} 20. Rf6 {[%clk 0:05:03]} Rd8 {[%clk 0:07:58]} 21. a3
{[%clk 0:04:43]} a6 {[%clk 0:07:54]} 22. Nc3 {[%clk 0:04:43]} Kg7
{[%clk 0:07:48]} 23. Qg5 {[%clk 0:04:17]} Re8 {[%clk 0:07:18]} 24. Qf4
{[%clk 0:03:01]} Rf8 {[%clk 0:06:19]} 25. Qe3 {[%clk 0:02:14]} 1/2-1/2

[Event "msr26ss"]
[Site "?"]
[Date "2026.03.26"]
[Round "6.3"]
[White "Mizanin, Matej"]
[Black "Libich, Oliver"]
[Result "0-1"]
[BlackElo "1985"]
[WhiteElo "1675"]
[LiveChessVersion "1.4.8"]

1. e4 e5 2. Nf3 Nc6 3. Bb5 d6 4. d4 exd4 5. Nxd4 Bd7 6. Nc3 Be7 7. O-O Nf6 8.
Nxc6 bxc6 9. Bc4 Be6 10. Bb3 Qd7 11. f4 O-O 12. f5 Bxb3 13. axb3 Rfe8 14. g4 d5
15. g5 Bc5+ 16. Kh1 Nxe4 17. Nxe4 Rxe4 18. Qf3 Rae8 19. Bf4 Qxf5 20. Bxc7 Qxf3+
21. Rxf3 Re2 22. Rc3 Rc8 23. Rxc5 Rxc7 24. Ra6 h5 25. gxh6 gxh6 26. Raxc6 Rxc6
27. Rxc6 Kg7 28. Rc5 Rd2 29. Rc7 d4 30. Rc6 h5 31. Kg1 h4 32. Rc4 h3 33. b4 Kg6
34. Rc5 f5 35. b5 Kg5 36. Rc7 Kf4 37. Kf1 Kf3 38. Ke1 Rxh2 39. Rxa7 Rxc2 40. Rh7
h2 41. Rh3+ Kg2 42. Kd1 Kxh3 0-1

[Event "msr26ss"]
[Site "?"]
[Date "2026.03.26"]
[Round "6.4"]
[White "Janovsky, Samuel"]
[Black "Knapova, Nicol"]
[Result "1-0"]
[BlackElo "1604"]
[WhiteElo "1825"]
[LiveChessVersion "1.4.8"]

1. e4 {[%clk 0:10:03]} c5 {[%clk 0:10:01]} 2. c3 {[%clk 0:10:04]} Nc6
{[%clk 0:09:59]} 3. d4 {[%clk 0:10:06]} e6 {[%clk 0:09:50]} 4. Nf3
{[%clk 0:09:59]} d5 {[%clk 0:09:15]} 5. e5 {[%clk 0:09:55]} cxd4 {[%clk 0:08:34]}
6. cxd4 {[%clk 0:09:56]} Nge7 {[%clk 0:08:16]} 7. Nc3 {[%clk 0:09:13]} Nf5
{[%clk 0:06:53]} 8. g4 {[%clk 0:09:02]} Nfe7 {[%clk 0:06:38]} 9. Bd3
{[%clk 0:08:31]} Qb6 {[%clk 0:06:11]} 10. a3 {[%clk 0:08:24]} Ng6
{[%clk 0:05:46]} 11. h4 {[%clk 0:07:59]} Bd7 {[%clk 0:04:43]} 12. h5
{[%clk 0:07:36]} Nge7 {[%clk 0:04:33]} 13. Na4 {[%clk 0:06:50]} Qc7
{[%clk 0:03:32]} 14. Nc5 {[%clk 0:06:29]} b6 {[%clk 0:02:40]} 15. Na6
{[%clk 0:05:59]} Qb7 {[%clk 0:02:15]} 16. Bd2 {[%clk 0:05:21]} Rc8
{[%clk 0:01:38]} 17. Bb4 {[%clk 0:05:06]} Nxb4 {[%clk 0:01:17]} 18. Nxb4
{[%clk 0:05:01]} a5 {[%clk 0:01:05]} 19. Ba6 {[%clk 0:04:50]} Qb8
{[%clk 0:00:27]} 20. Bxc8 {[%clk 0:04:47]} Bxc8 {[%clk 0:00:25]} 21. Nd3
{[%clk 0:04:44]} Ba6 {[%clk 0:00:22]} 22. Qa4+ {[%clk 0:04:37]} Kd8
{[%clk 0:00:14]} 23. Nb4 {[%clk 0:04:08]} axb4 {[%clk 0:00:10]} 24. Qxa6
{[%clk 0:04:08]} bxa3 {[%clk 0:00:10]} 25. Rxa3 {[%clk 0:04:00]} Nc6
{[%clk 0:00:10]} 26. Rb3 {[%clk 0:03:51]} Nb4 {[%clk 0:00:09]} 27. Qb5
{[%clk 0:03:33]} Be7 {[%clk 0:00:08]} 28. Rxb4 {[%clk 0:03:31]} Bxb4+
{[%clk 0:00:09]} 29. Qxb4 {[%clk 0:03:32]} Qc7 {[%clk 0:00:08]} 30. O-O g6
{[%clk 0:00:06]} 31. h6 {[%clk 0:03:24]} Qe7 {[%clk 0:00:04]} 32. Qxe7+
{[%clk 0:03:24]} Kxe7 {[%clk 0:00:05]} 33. Rc1 {[%clk 0:03:25]} Kd7
{[%clk 0:00:05]} 34. Nd2 {[%clk 0:03:21]} Ra8 {[%clk 0:00:05]} 35. Kg2
{[%clk 0:03:16]} Ra2 {[%clk 0:00:06]} 36. Rc2 {[%clk 0:03:17]} Ra4
{[%clk 0:00:06]} 37. Nf3 {[%clk 0:03:17]} Rb4 {[%clk 0:00:07]} 38. Kg3
{[%clk 0:03:17]} Rb3 {[%clk 0:00:08]} 39. Kf4 {[%clk 0:03:15]} Rb4
{[%clk 0:00:08]} 40. Kg5 {[%clk 0:03:13]} Rb3 {[%clk 0:00:09]} 41. Nd2
{[%clk 0:03:09]} Rb4 {[%clk 0:00:08]} 42. Nf3 {[%clk 0:02:07]} Rb3
{[%clk 0:00:09]} 43. Nh4 {[%clk 0:02:00]} Rb4 {[%clk 0:00:07]} 44. Rd2
{[%clk 0:02:01]} Ke7 {[%clk 0:00:07]} 45. f4 {[%clk 0:01:56]} Rb3
{[%clk 0:00:06]} 46. f5 {[%clk 0:01:55]} exf5 {[%clk 0:00:05]} 47. gxf5
{[%clk 0:01:47]} Rh3 {[%clk 0:00:05]} 48. fxg6 {[%clk 0:01:43]} fxg6
{[%clk 0:00:06]} 49. Rc2 {[%clk 0:01:14]} Kd7 {[%clk 0:00:04]} 50. Nxg6 hxg6
{[%clk 0:00:05]} 51. Kxg6 {[%clk 0:00:34]} Ke7 {[%clk 0:00:06]} 52. Rc7+
{[%clk 0:00:34]} Kf8 {[%clk 0:00:06]} 53. h7 {[%clk 0:00:32]} Rg3+
{[%clk 0:00:06]} 54. Kf5 {[%clk 0:00:29]} Rf3+ {[%clk 0:00:05]} 55. Ke6
{[%clk 0:00:29]} Rh3 {[%clk 0:00:06]} 56. Kxd5 {[%clk 0:00:28]} Ke8
{[%clk 0:00:04]} 57. e6 {[%clk 0:00:28]} Kd8 {[%clk 0:00:04]} 58. Kd6
{[%clk 0:00:29]} Rh6 {[%clk 0:00:04]} 59. Rb7 {[%clk 0:00:22]} b5
{[%clk 0:00:05]} 60. d5 {[%clk 0:00:22]} b4 {[%clk 0:00:06]} 61. Ke5
{[%clk 0:00:22]} b3 {[%clk 0:00:05]} 62. d6 {[%clk 0:00:20]} Rh5+
{[%clk 0:00:06]} 63. Kf6 {[%clk 0:00:21]} Rh6+ {[%clk 0:00:07]} 64. Kg7
{[%clk 0:00:16]} Rxe6 {[%clk 0:00:06]} 65. h8=Q+ Re8 66. Rb8+ {[%clk 0:00:16]}
Kd7 1-0

[Event "msr26ss"]
[Site "?"]
[Date "2026.03.26"]
[Round "6.5"]
[White "Compel, Daniel"]
[Black "Koska, Jiri"]
[Result "1-0"]
[BlackElo "2018"]
[WhiteElo "2136"]
[LiveChessVersion "1.4.8"]

1. d4 Nf6 2. c4 c5 3. d5 b5 4. cxb5 a6 5. bxa6 g6 6. Nc3 Bg7 7. Nf3 O-O 8. g3 Qa5
9. Bd2 Bxa6 10. Bg2 d6 11. O-O Nbd7 12. b3 Rfb8 13. Qc2 Bb7 14. a4 Qb6 15. Nh4
Qd8 16. Rab1 Nb6 17. e4 Ba6 18. Rfe1 Nbd7 19. f4 Ra7 20. h3 Rb4 21. Kh2 Rd4 22.
Re3 Nh5 23. Nf3 Rb4 24. Nb5 Bxb5 25. Bxb4 cxb4 26. axb5 Nc5 27. e5 Qa8 28. Nd4
Ra2 29. Rb2 Ra1 30. Nc6 Bf8 31. Re2 Qa3 32. Ra2 Rxa2 33. Qxa2 Qxb3 34. Qxb3 Nxb3
35. Rb2 1-0

[Event "msr26ss"]
[Site "?"]
[Date "2026.03.26"]
[Round "6.6"]
[White "Jura, Michal"]
[Black "Hitka, Dominik"]
[Result "0-1"]
[BlackElo "2104"]
[WhiteElo "1945"]
[LiveChessVersion "1.4.8"]

1. e4 {[%clk 0:10:03]} e6 {[%clk 0:10:02]} 2. d4 {[%clk 0:10:03]} d5
{[%clk 0:10:03]} 3. exd5 {[%clk 0:10:04]} exd5 {[%clk 0:10:04]} 4. Nf3
{[%clk 0:10:04]} Nf6 {[%clk 0:10:03]} 5. c4 {[%clk 0:10:05]} Be7 {[%clk 0:09:48]}
6. Nc3 {[%clk 0:10:06]} O-O {[%clk 0:09:45]} 7. Be2 {[%clk 0:10:05]} c6
{[%clk 0:09:38]} 8. O-O {[%clk 0:10:05]} dxc4 {[%clk 0:09:28]} 9. Bxc4
{[%clk 0:10:06]} Bg4 {[%clk 0:09:19]} 10. Be3 {[%clk 0:09:52]} Nd5
{[%clk 0:08:55]} 11. h3 {[%clk 0:09:42]} Bh5 {[%clk 0:08:51]} 12. Ne4
{[%clk 0:09:31]} Bg6 {[%clk 0:08:07]} 13. Ng3 {[%clk 0:09:16]} Bh4
{[%clk 0:07:47]} 14. Nxh4 {[%clk 0:07:57]} Nxe3 {[%clk 0:07:48]} 15. fxe3
{[%clk 0:07:55]} Qxh4 {[%clk 0:07:48]} 16. Nf5 {[%clk 0:07:06]} Bxf5
{[%clk 0:07:08]} 17. Rxf5 {[%clk 0:07:06]} Qe7 {[%clk 0:07:08]} 18. Qf3
{[%clk 0:06:52]} Nd7 {[%clk 0:07:08]} 19. Rf1 {[%clk 0:06:47]} Nf6
{[%clk 0:06:53]} 20. g4 {[%clk 0:04:08]} Rad8 {[%clk 0:05:49]} 21. g5
{[%clk 0:02:47]} Nd5 {[%clk 0:05:35]} 22. e4 {[%clk 0:02:44]} g6 {[%clk 0:05:36]}
23. Re5 {[%clk 0:02:32]} Qb4 {[%clk 0:05:26]} 24. b3 {[%clk 0:02:15]} b5
{[%clk 0:05:26]} 25. exd5 {[%clk 0:00:50]} bxc4 {[%clk 0:05:27]} 26. dxc6
{[%clk 0:00:43]} cxb3 {[%clk 0:05:28]} 27. d5 {[%clk 0:00:20]} bxa2
{[%clk 0:04:33]} 28. Kh1 {[%clk 0:00:04]} Qd4 {[%clk 0:04:30]} 29. Ree1 0-1

[Event "msr26ss"]
[Site "?"]
[Date "2026.03.26"]
[Round "6.7"]
[White "Lakota, Jan"]
[Black "Tokarcik, Jan"]
[Result "1/2-1/2"]
[BlackElo "1988"]
[WhiteElo "1878"]
[LiveChessVersion "1.4.8"]

1. e4 {[%clk 0:10:02]} c5 {[%clk 0:10:03]} 2. Nf3 {[%clk 0:10:02]} Nc6
{[%clk 0:10:03]} 3. c3 {[%clk 0:10:03]} d5 {[%clk 0:09:47]} 4. exd5
{[%clk 0:10:04]} Qxd5 {[%clk 0:09:47]} 5. d4 {[%clk 0:10:04]} Nf6
{[%clk 0:08:42]} 6. Be3 {[%clk 0:08:43]} Bg4 {[%clk 0:06:50]} 7. c4
{[%clk 0:07:23]} Qh5 {[%clk 0:05:08]} 8. Be2 {[%clk 0:06:26]} cxd4
{[%clk 0:04:50]} 9. Nxd4 {[%clk 0:06:09]} Rd8 {[%clk 0:04:43]} 10. Bxg4
{[%clk 0:05:37]} Nxg4 {[%clk 0:02:23]} 11. h3 {[%clk 0:04:53]} e5
{[%clk 0:02:15]} 12. Qxg4 {[%clk 0:04:00]} Qxg4 {[%clk 0:02:16]} 13. hxg4
{[%clk 0:04:01]} Nxd4 {[%clk 0:02:16]} 14. Bxd4 {[%clk 0:03:48]} Rxd4
{[%clk 0:02:17]} 15. b3 {[%clk 0:02:56]} Bb4+ {[%clk 0:02:08]} 16. Ke2
{[%clk 0:02:54]} Rxg4 {[%clk 0:02:08]} 17. g3 {[%clk 0:02:46]} O-O
{[%clk 0:01:59]} 18. a3 {[%clk 0:02:42]} Bc5 {[%clk 0:01:29]} 19. Nd2
{[%clk 0:02:24]} Rd8 {[%clk 0:01:12]} 20. a4 {[%clk 0:02:03]} Rgd4
{[%clk 0:00:46]} 21. Rhd1 {[%clk 0:01:47]} f5 {[%clk 0:00:22]} 22. Rab1
{[%clk 0:01:39]} Bb4 {[%clk 0:00:22]} 23. Nf3 {[%clk 0:01:35]} Rxd1
{[%clk 0:00:23]} 24. Rxd1 {[%clk 0:01:36]} Rxd1 {[%clk 0:00:24]} 25. Kxd1
{[%clk 0:01:37]} e4 {[%clk 0:00:25]} 26. Nd4 {[%clk 0:01:38]} Bc5
{[%clk 0:00:16]} 27. Nxf5 {[%clk 0:01:33]} Bxf2 {[%clk 0:00:17]} 28. Ke2
{[%clk 0:01:31]} Bc5 {[%clk 0:00:13]} 29. g4 {[%clk 0:01:27]} Kf7
{[%clk 0:00:11]} 30. Ng3 {[%clk 0:01:29]} e3 {[%clk 0:00:06]} 31. Kf3
{[%clk 0:01:19]} Kg6 {[%clk 0:00:06]} 32. Ne4 {[%clk 0:01:17]} Bd4
{[%clk 0:00:07]} 33. b4 {[%clk 0:01:18]} h5 {[%clk 0:00:05]} 34. gxh5+
{[%clk 0:01:18]} Kxh5 {[%clk 0:00:06]} 35. Nd6 {[%clk 0:01:09]} b6
{[%clk 0:00:05]} 36. Nf5 {[%clk 0:01:10]} Bf6 {[%clk 0:00:06]} 37. Nxe3
{[%clk 0:01:10]} g5 {[%clk 0:00:07]} 38. Ng4 {[%clk 0:01:12]} Be7
{[%clk 0:00:08]} 39. b5 {[%clk 0:01:07]} Bd6 {[%clk 0:00:05]} 40. Nf6+
{[%clk 0:01:06]} Kg6 {[%clk 0:00:06]} 41. Ne4 {[%clk 0:01:07]} Bc7
{[%clk 0:00:07]} 42. Kg4 {[%clk 0:01:08]} Be5 {[%clk 0:00:07]} 43. c5
{[%clk 0:00:52]} bxc5 {[%clk 0:00:07]} 44. Nxc5 {[%clk 0:00:53]} Bf4
{[%clk 0:00:05]} 45. Ne6 {[%clk 0:00:49]} Be3 {[%clk 0:00:04]} 46. Nd8
{[%clk 0:00:50]} Kf6 {[%clk 0:00:05]} 47. Nc6 {[%clk 0:00:51]} Ke6
{[%clk 0:00:05]} 48. Kf3 {[%clk 0:00:49]} Bc5 {[%clk 0:00:04]} 49. Kg4
{[%clk 0:00:33]} Kd6 {[%clk 0:00:04]} 50. Kxg5 {[%clk 0:00:33]} Kc7
{[%clk 0:00:04]} 51. a5 {[%clk 0:00:29]} a6 {[%clk 0:00:04]} 52. bxa6
{[%clk 0:00:23]} 1/2-1/2

[Event "msr26ss"]
[Site "?"]
[Date "2026.03.26"]
[Round "6.8"]
[White "Tyssova, Veronika"]
[Black "Kovarova, Zuzana"]
[Result "0-1"]
[BlackElo "1607"]
[WhiteElo "1000"]
[LiveChessVersion "1.4.8"]

1. e4 {[%clk 0:10:03]} c5 {[%clk 0:10:03]} 2. Nf3 {[%clk 0:10:03]} a6
{[%clk 0:10:04]} 3. d3 {[%clk 0:09:57]} Nc6 {[%clk 0:10:05]} 4. Be2
{[%clk 0:09:53]} g6 {[%clk 0:10:05]} 5. Bd2 {[%clk 0:09:46]} Bg7 {[%clk 0:10:05]}
6. Nc3 {[%clk 0:09:43]} d6 {[%clk 0:09:52]} 7. O-O {[%clk 0:09:35]} Nf6
{[%clk 0:09:53]} 8. Rb1 {[%clk 0:09:20]} O-O {[%clk 0:09:50]} 9. a3
{[%clk 0:09:18]} b5 {[%clk 0:09:31]} 10. b4 {[%clk 0:09:07]} cxb4
{[%clk 0:09:19]} 11. axb4 {[%clk 0:09:07]} Bb7 {[%clk 0:09:17]} 12. d4
{[%clk 0:08:50]} Nd7 {[%clk 0:08:15]} 13. Qc1 {[%clk 0:08:09]} Nxd4
{[%clk 0:07:39]} 14. Nxd4 {[%clk 0:08:01]} Bxd4 {[%clk 0:07:39]} 15. Nd5
{[%clk 0:07:41]} Bg7 {[%clk 0:07:00]} 16. Bh6 {[%clk 0:07:08]} Bxd5
{[%clk 0:06:12]} 17. exd5 {[%clk 0:07:06]} Nf6 {[%clk 0:06:07]} 18. Bf3
{[%clk 0:06:50]} Rc8 {[%clk 0:05:57]} 19. h3 {[%clk 0:06:38]} Bxh6
{[%clk 0:05:24]} 20. Qxh6 {[%clk 0:06:33]} Rxc2 {[%clk 0:05:20]} 21. Ra1
{[%clk 0:06:25]} Qc8 {[%clk 0:04:56]} 22. Qe3 {[%clk 0:06:12]} Qb7
{[%clk 0:03:55]} 23. Rac1 {[%clk 0:05:57]} Rxc1 {[%clk 0:02:42]} 24. Rxc1
{[%clk 0:05:56]} Nxd5 {[%clk 0:02:22]} 25. Bxd5 {[%clk 0:05:49]} Qxd5
{[%clk 0:02:23]} 26. Qa7 {[%clk 0:05:42]} Qd2 {[%clk 0:01:48]} 27. Rc7
{[%clk 0:05:37]} Qxb4 {[%clk 0:01:37]} 28. Rxe7 {[%clk 0:05:18]} Qa5
{[%clk 0:01:15]} 29. Rd7 {[%clk 0:05:10]} Qe1+ {[%clk 0:00:56]} 30. Kh2 Qa1
{[%clk 0:00:45]} 31. Rxd6 {[%clk 0:05:07]} Qe5+ {[%clk 0:00:46]} 32. g3
{[%clk 0:04:58]} Qxd6 33. Qe3 {[%clk 0:04:54]} Qe6 {[%clk 0:00:45]} 34. Qa3
{[%clk 0:04:50]} Re8 {[%clk 0:00:41]} 35. Qa2 Qxa2 0-1

[Event "msr26ss"]
[Site "?"]
[Date "2026.03.26"]
[Round "6.9"]
[White "Durovka, Marek"]
[Black "Oruzinsky, Juraj"]
[Result "1-0"]
[BlackElo "2308"]
[WhiteElo "2010"]
[LiveChessVersion "1.4.8"]

1. d4 {[%clk 0:09:57]} Nf6 {[%clk 0:10:01]} 2. Nf3 {[%clk 0:09:51]} e6
{[%clk 0:09:58]} 3. e3 {[%clk 0:09:50]} b6 {[%clk 0:09:55]} 4. Bd3
{[%clk 0:09:47]} Bb7 {[%clk 0:09:49]} 5. Nbd2 {[%clk 0:09:47]} d5
{[%clk 0:09:47]} 6. O-O {[%clk 0:09:32]} Bd6 {[%clk 0:09:38]} 7. c4
{[%clk 0:09:32]} O-O {[%clk 0:09:31]} 8. b3 {[%clk 0:09:14]} Nbd7
{[%clk 0:09:26]} 9. Bb2 {[%clk 0:09:14]} Re8 {[%clk 0:08:31]} 10. Ne5
{[%clk 0:08:49]} c5 {[%clk 0:07:49]} 11. cxd5 {[%clk 0:08:07]} exd5
{[%clk 0:07:42]} 12. Ndf3 {[%clk 0:07:58]} Qe7 {[%clk 0:07:02]} 13. Rc1
{[%clk 0:05:30]} Bxe5 {[%clk 0:06:46]} 14. Nxe5 {[%clk 0:05:17]} Nxe5
{[%clk 0:06:46]} 15. dxe5 {[%clk 0:05:16]} Nd7 {[%clk 0:06:14]} 16. f4
{[%clk 0:04:15]} Nf8 {[%clk 0:05:48]} 17. Qg4 {[%clk 0:02:04]} Qe6
{[%clk 0:05:00]} 18. f5 {[%clk 0:01:10]} Qh6 {[%clk 0:05:01]} 19. Rf3
{[%clk 0:01:11]} Qc6 {[%clk 0:01:12]} 20. f6 {[%clk 0:00:18]} g6 {[%clk 0:01:09]}
21. Qg5 {[%clk 0:00:10]} Ne6 {[%clk 0:00:38]} 22. Qh6 {[%clk 0:00:11]} d4
{[%clk 0:00:39]} 23. e4 {[%clk 0:00:06]} c4 {[%clk 0:00:09]} 24. Rh3
{[%clk 0:00:06]} Red8 {[%clk 0:00:03]} 25. Qxh7+ {[%clk 0:00:06]} Kf8
{[%clk 0:00:04]} 26. Qh8# {[%clk 0:00:08]} 1-0

[Event "msr26ss"]
[Site "?"]
[Date "2026.03.26"]
[Round "6.10"]
[White "Musaev, Matej Elbek"]
[Black "Strapec, Lukas"]
[Result "1-0"]
[BlackElo "1886"]
[WhiteElo "2069"]
[LiveChessVersion "1.4.8"]

1. e4 {[%clk 0:10:03]} c5 {[%clk 0:10:02]} 2. Nf3 {[%clk 0:10:04]} Nc6
{[%clk 0:10:01]} 3. c3 {[%clk 0:09:54]} d5 {[%clk 0:09:04]} 4. e5
{[%clk 0:09:39]} Qc7 {[%clk 0:08:39]} 5. d4 {[%clk 0:09:15]} Bg4 {[%clk 0:07:49]}
6. Be2 {[%clk 0:09:16]} e6 {[%clk 0:07:42]} 7. b3 {[%clk 0:07:33]} cxd4
{[%clk 0:06:20]} 8. cxd4 {[%clk 0:07:34]} Bxf3 {[%clk 0:05:05]} 9. Bxf3
{[%clk 0:07:35]} Bb4+ {[%clk 0:05:02]} 10. Kf1 {[%clk 0:07:25]} Nge7
{[%clk 0:04:38]} 11. Bb2 {[%clk 0:05:59]} Nf5 {[%clk 0:03:50]} 12. Bg4
{[%clk 0:05:02]} Qb6 {[%clk 0:03:13]} 13. Bxf5 {[%clk 0:04:59]} exf5
{[%clk 0:03:11]} 14. Qd3 {[%clk 0:04:38]} g6 {[%clk 0:02:57]} 15. a3
{[%clk 0:04:38]} Be7 16. Nd2 {[%clk 0:03:03]} Rc8 {[%clk 0:02:20]} 17. b4
{[%clk 0:02:48]} O-O {[%clk 0:01:35]} 18. g3 {[%clk 0:02:42]} Rc7
{[%clk 0:00:48]} 19. Kg2 {[%clk 0:02:35]} Rfc8 {[%clk 0:00:42]} 20. Rac1
{[%clk 0:02:18]} Nd8 {[%clk 0:00:32]} 21. Rxc7 {[%clk 0:02:18]} Rxc7
{[%clk 0:00:32]} 22. Qb3 {[%clk 0:02:14]} Qb5 {[%clk 0:00:19]} 23. Rc1
{[%clk 0:01:45]} Rxc1 {[%clk 0:00:18]} 24. Bxc1 {[%clk 0:01:46]} Ne6
{[%clk 0:00:09]} 25. Qc3 {[%clk 0:01:27]} Qd7 {[%clk 0:00:06]} 26. Nb3
{[%clk 0:01:23]} b6 {[%clk 0:00:07]} 27. f4 {[%clk 0:01:18]} f6 {[%clk 0:00:06]}
28. Bb2 {[%clk 0:01:09]} fxe5 {[%clk 0:00:06]} 29. dxe5 {[%clk 0:01:09]} Bd8
{[%clk 0:00:04]} 30. Nd4 {[%clk 0:01:09]} Nxd4 {[%clk 0:00:04]} 31. Qxd4
{[%clk 0:01:10]} Qe6 {[%clk 0:00:05]} 32. a4 {[%clk 0:01:11]} Be7
{[%clk 0:00:05]} 33. b5 {[%clk 0:01:09]} Kf7 {[%clk 0:00:05]} 34. h3
{[%clk 0:01:02]} Bc5 {[%clk 0:00:05]} 35. Qd3 {[%clk 0:00:58]} Qd7
{[%clk 0:00:06]} 36. Bd4 {[%clk 0:00:58]} Bxd4 {[%clk 0:00:06]} 37. Qxd4
{[%clk 0:00:59]} Ke6 {[%clk 0:00:06]} 38. Qc3 {[%clk 0:00:59]} d4
{[%clk 0:00:05]} 39. Qc4+ {[%clk 0:00:50]} Ke7 {[%clk 0:00:05]} 40. Qb4+
{[%clk 0:00:50]} Kf7 {[%clk 0:00:05]} 41. Qc4+ {[%clk 0:00:51]} Ke7
{[%clk 0:00:05]} 42. Kf2 {[%clk 0:00:43]} d3 {[%clk 0:00:06]} 43. Qb4+
{[%clk 0:00:43]} Kf7 {[%clk 0:00:07]} 44. Ke3 {[%clk 0:00:41]} Qb7
{[%clk 0:00:04]} 45. Qc4+ {[%clk 0:00:40]} Kf8 {[%clk 0:00:03]} 46. Qxd3
{[%clk 0:00:38]} Qg2 {[%clk 0:00:04]} 47. Kd4 {[%clk 0:00:34]} Qg1+
{[%clk 0:00:04]} 48. Kc4 {[%clk 0:00:27]} Qc1+ {[%clk 0:00:04]} 49. Kb3
{[%clk 0:00:27]} Qc5 {[%clk 0:00:04]} 50. Qd6+ {[%clk 0:00:16]} Qxd6
{[%clk 0:00:05]} 51. exd6 {[%clk 0:00:18]} Ke8 {[%clk 0:00:06]} 52. Kc4
{[%clk 0:00:19]} Kd7 {[%clk 0:00:07]} 53. Kd5 {[%clk 0:00:20]} h6
{[%clk 0:00:05]} 54. h4 {[%clk 0:00:21]} g5 {[%clk 0:00:03]} 55. hxg5
{[%clk 0:00:20]} hxg5 {[%clk 0:00:04]} 56. fxg5 {[%clk 0:00:22]} Ke8
{[%clk 0:00:04]} 57. g6 {[%clk 0:00:22]} a5 {[%clk 0:00:04]} 58. bxa6
{[%clk 0:00:23]} Kf7 59. Kd4+ 1-0